Handbook of horticultural science

Kaydedildi:
Detaylı Bibliyografya
Yazar: SHIVANNA, H.
Materyal Türü: Kitap
Dil:İngilizce
Baskı/Yayın Bilgisi: Discovery Publishers 2012.
Etiketler: Etiketle
Etiket eklenmemiş, İlk siz ekleyin!

MARC

LEADER 00000nam a22000007a 4500
008 201214b ||||| |||| 00| 0 eng d
020 |a ISBN: 978-93-5056-095-2 
100 |a SHIVANNA, H. 
245 |a Handbook of horticultural science  |c H. Shivanna  |g 230p.; ill. 
260 |b Discovery Publishers  |c  2012.   |h  New Delhi:  |i 683751  |l SB446 .Sh6  |m  Horticulture - handbooks, manuals etc. 
500 |a “It includes index”. 
942 |a lcc  |c BK  |e Olagoke,M A  |f 14/12/2020 
952 |0 0  |1 0  |2 lcc  |4 0  |6 SB0446 S H6  |7 0  |9 418  |a HOL  |b RF  |c QZ  |d 2020-12-14  |l 0  |o SB446 .Sh6  |p 2020-2149  |r 2020-12-14 00:00:00  |w 2020-12-14  |y BK 
999 |c 208  |d 208